000 00731nam a22002417a 4500
005 20170124110140.0
010 _aA-377437
020 _a1850521204
_c00.00
035 _aA-377437
037 _bCen Lib/Ret
040 _aDPL
_bEN
082 _a154.62
_bKOH
100 _aKohler, Mariane
_932740
245 _aSleep well :
_cby Mariane Kohler [and] Jean chapelle
_b101 recipes for sound restful, relaxation /
260 _aLondon
_bPeerage Books
_c1967
270 _a59 grosvenor street
_bLondon
300 _aix, 191p.
_c21cm(Hb)
500 _aincludes index
650 _aSelf-care, Health
_919211
650 _aSleep
_932741
700 _aChapelle, Jean
_932739
942 _2ddc
_cEN
_h154.62
_mKOH
999 _c131773
_d131773